[Event "Budapest Karacsonyi op 8th"]
[Site "Budapest"]
[Date "2016.12.29"]
[Round "5"]
[White "Di Giovanni, Vilmos"]
[Black "Forgacs, Attila Jr"]
[Result "1-0"]
[WhiteElo "1727"]
[BlackElo "1762"]
[PlyCount "39"]
[EventDate "2016.12.27"]
[EventType "swiss"]
[EventRounds "7"]
[EventCountry "HUN"]
[SourceTitle "CBM 176 Extra"]
[Source "ChessBase"]
[SourceDate "2017.03.02"]
[SourceVersion "1"]
[SourceVersionDate "2017.03.02"]
[SourceQuality "1"]

1. d4 Nf6 2. Nf3 g6 3. Bf4 Bg7 4. e3 d6 5. h3 0-0 6. Bc4 b6 7. Nbd2 Bb7 8. 0-0 Nbd7 9. Bh2 Qe8 10. c3 e5 11. dxe5 dxe5 12. b4 Rd8 13. Qb3 h6 14. Rad1 Kh8 15. a4 Ng8 16. e4 c5 17. Rfe1 Ngf6 18. Bb5 Nh5 19. Nc4 f6 20. Nd6 1-0

[Event "Budapest Karacsonyi op 8th"]
[Site "Budapest"]
[Date "2016.12.28"]
[Round "2"]
[White "Bartuszek, Andras"]
[Black "Di Giovanni, Vilmos"]
[Result "1/2-1/2"]
[WhiteElo "1781"]
[BlackElo "1727"]
[PlyCount "42"]
[EventDate "2016.12.27"]
[EventType "swiss"]
[EventRounds "7"]
[EventCountry "HUN"]
[SourceTitle "CBM 176 Extra"]
[Source "ChessBase"]
[SourceDate "2017.03.02"]
[SourceVersion "1"]
[SourceVersionDate "2017.03.02"]
[SourceQuality "1"]

1. e4 d5 2. exd5 Nf6 3. d4 Nxd5 4. Bc4 e6 5. Nf3 Nc6 6. 0-0 Be7 7. c3 0-0 8. a4 a5 9. Nbd2 b6 10. Qe2 Bb7 11. Ne4 Nb8 12. Ne5 Nf6 13. Ng5 Bd5 14. Bd3 h6 15. f4 hxg5 16. fxg5 Nfd7 17. Nxd7 Nxd7 18. Qh5 g6 19. Bxg6 fxg6 20. Qxg6+ Kh8 21. Qh6+ Kg8 1/2-1/2

[Event "Budapest Spring op"]
[Site "Budapest"]
[Date "2016.03.18"]
[Round "1"]
[White "Di Giovanni, Vilmos"]
[Black "Koczo, Kristof"]
[Result "0-1"]
[WhiteElo "1725"]
[BlackElo "2211"]
[PlyCount "70"]
[EventDate "2016.03.18"]
[EventType "swiss"]
[EventRounds "9"]
[EventCountry "HUN"]
[SourceTitle "CBM 171 Extra"]
[Source "ChessBase"]
[SourceDate "2016.04.26"]
[SourceVersion "1"]
[SourceVersionDate "2016.04.26"]
[SourceQuality "1"]

1. d4 d5 2. Nf3 Nf6 3. Bf4 c5 4. e3 Qb6 5. Qc1 e6 6. Nbd2 Nc6 7. c3 Nh5 8. Bg3 Nxg3 9. hxg3 g6 10. Bd3 Bg7 11. dxc5 Qxc5 12. Nb3 Qe7 13. e4 dxe4 14. Bxe4 f5 15. Bxc6+ bxc6 16. Qe3 Rb8 17. 0-0 0-0 18. Rfe1 c5 19. Rab1 c4 20. Nbd4 Rb6 21. Ne5 Qc7 22. f4 Bb7 23. b4 Be4 24. Rb2 Bxe5 25. fxe5 Qxe5 26. a4 Qf6 27. b5 Rd8 28. Qe2 e5 29. Nf3 Rd3 30. a5 Rbd6 31. Qf2 Rd1 32. Rd2 Bxf3 33. Rxd6 Qxd6 34. gxf3 Rd3 35. Qxa7 e4 0-1

[Event "Budapest Art Pub Cup 7th"]
[Site "Budapest"]
[Date "2015.03.13"]
[Round "1"]
[White "Di Giovanni, Vilmos"]
[Black "Berta, Sandor Martin"]
[Result "0-1"]
[WhiteElo "1747"]
[BlackElo "2050"]
[PlyCount "40"]
[EventDate "2015.03.13"]
[EventType "swiss"]
[EventRounds "6"]
[EventCountry "HUN"]
[SourceTitle "CBM 165 Extra"]
[Source "ChessBase"]
[SourceDate "2015.04.21"]
[SourceVersion "1"]
[SourceVersionDate "2015.04.21"]
[SourceQuality "1"]

1. d4 Nf6 2. Nf3 g6 3. Bf4 Bg7 4. e3 d6 5. h3 0-0 6. Be2 Nbd7 7. 0-0 Re8 8. c4 c6 9. Nc3 Qb6 10. Qc2 e5 11. Bh2 Qd8 12. d5 c5 13. e4 Nh5 14. Ne1 Nf4 15. Bxf4 exf4 16. Nf3 Ne5 17. Nxe5 Bxe5 18. Bg4 Bxg4 19. hxg4 Qh4 20. Qe2 f3 0-1

[Event "Budapest Karacsonyi op 6th"]
[Site "Budapest"]
[Date "2014.12.30"]
[Round "7"]
[White "Lakat, Gyula"]
[Black "Di Giovanni, Vilmos"]
[Result "0-1"]
[WhiteElo "1803"]
[BlackElo "1755"]
[PlyCount "70"]
[EventDate "2014.12.27"]
[EventType "swiss"]
[EventRounds "7"]
[EventCountry "HUN"]
[SourceTitle "EXT 2020"]
[Source "ChessBase"]
[SourceDate "2019.10.17"]
[SourceVersion "1"]
[SourceVersionDate "2019.10.17"]
[SourceQuality "1"]

1. e4 b6 2. Nc3 Bb7 3. f4 e6 4. Nf3 c5 5. Be2 Be7 6. 0-0 Nf6 7. b3 Nc6 8. Bb2 0-0 9. e5 Ne8 10. Na4 d6 11. c4 dxe5 12. fxe5 Qc7 13. a3 Rd8 14. Qc2 g6 15. Rae1 Ng7 16. Bd1 Nf5 17. Rf2 Ncd4 18. Nxd4 Nxd4 19. Bxd4 cxd4 20. Qa2 a6 21. d3 Bg5 22. Rc2 Be3+ 23. Kh1 Qxe5 24. Nxb6 Qa5 25. b4 Qxb6 26. c5 Qb5 27. Be2 Bd5 28. Qb2 Qc6 29. Bf1 Rb8 30. Rb1 e5 31. Qa1 Rb7 32. a4 Rfb8 33. Qa3 h5 34. Rcb2 h4 35. h3 Qe6 0-1

[Event "Budapest Karacsonyi op 6th"]
[Site "Budapest"]
[Date "2014.12.28"]
[Round "3"]
[White "Orfei, Rolando"]
[Black "Di Giovanni, Vilmos"]
[Result "1-0"]
[WhiteElo "1944"]
[BlackElo "1755"]
[PlyCount "68"]
[EventDate "2014.12.27"]
[EventType "swiss"]
[EventRounds "7"]
[EventCountry "HUN"]
[SourceTitle "EXT 2020"]
[Source "ChessBase"]
[SourceDate "2019.10.17"]
[SourceVersion "1"]
[SourceVersionDate "2019.10.17"]
[SourceQuality "1"]

1. e4 a6 2. c4 h6 3. d4 c5 4. d5 d6 5. Nc3 e6 6. Bd3 Be7 7. h3 Bf6 8. Nge2 Ne7 9. 0-0 g5 10. dxe6 Bxe6 11. Nd5 Nxd5 12. exd5 Bc8 13. Re1 Kf8 14. Ng3 Nd7 15. Qe2 Ne5 16. Bf5 Bxf5 17. Nxf5 Qd7 18. Bd2 Re8 19. g4 h5 20. f4 gxf4 21. Bxf4 hxg4 22. hxg4 Bh4 23. Rf1 Bf6 24. Bh6+ Kg8 25. g5 Ng6 26. Qf3 Be5 27. Rae1 Nf4 28. Qg4 Bd4+ 29. Kh1 Rxe1 30. Rxe1 Be5 31. b3 Nd3 32. Rf1 Kh7 33. Qh3 Kg8 34. Qxd3 Qd8 1-0

[Event "Budapest Karacsonyi op 6th"]
[Site "Budapest"]
[Date "2014.12.27"]
[Round "1"]
[White "Nemeth, Miklos1111"]
[Black "Di Giovanni, Vilmos"]
[Result "1-0"]
[WhiteElo "1988"]
[BlackElo "1755"]
[PlyCount "75"]
[EventDate "2014.12.27"]
[EventType "swiss"]
[EventRounds "7"]
[EventCountry "HUN"]
[SourceTitle "EXT 2020"]
[Source "ChessBase"]
[SourceDate "2019.10.17"]
[SourceVersion "1"]
[SourceVersionDate "2019.10.17"]
[SourceQuality "1"]

1. e4 d5 2. exd5 Nf6 3. d4 Nxd5 4. c4 Nb6 5. Nc3 g6 6. c5 Nd5 7. Bc4 Nxc3 8. bxc3 Bg7 9. Nf3 0-0 10. 0-0 h6 11. Re1 e6 12. Rb1 c6 13. Bf4 b5 14. Bd3 Nd7 15. Be4 Bb7 16. Rxb5 Qc8 17. Rb3 Ba6 18. Qd2 Kh7 19. Bd6 Re8 20. h4 Kg8 21. Bf4 Rd8 22. Qc1 h5 23. Qb1 f5 24. Bc2 Nf6 25. Ng5 Re8 26. Bd3 Bxd3 27. Qxd3 Nh7 28. Nf3 Nf6 29. Reb1 Nd5 30. Bd6 Bf8 31. Ne5 Bxd6 32. cxd6 Qd8 33. Qg3 Qf6 34. Rb7 f4 35. Qd3 Rf8 36. Nd7 Qf5 37. Qxf5 Rxf5 38. Ne5 1-0

[Event "Budapest FS12 FM-B"]
[Site "Budapest"]
[Date "2014.12.10"]
[Round "5"]
[White "Di Giovanni, Vilmos"]
[Black "Szlenka, Attila"]
[Result "0-1"]
[WhiteElo "1755"]
[BlackElo "1773"]
[PlyCount "92"]
[EventDate "2014.12.06"]
[EventType "tourn"]
[EventRounds "9"]
[EventCountry "HUN"]
[SourceTitle "CBM 163 Extra"]
[Source "ChessBase"]
[SourceDate "2014.12.23"]
[SourceVersion "1"]
[SourceVersionDate "2014.12.23"]
[SourceQuality "1"]

1. d4 Nf6 2. Nf3 g6 3. Bf4 Bg7 4. e3 d6 5. h3 c5 6. c3 cxd4 7. exd4 0-0 8. Nbd2 Qb6 9. Qb3 Nbd7 10. Bc4 Qxb3 11. Bxb3 b5 12. 0-0 Bb7 13. Rfe1 Rfe8 14. Ng5 Bd5 15. Bc2 h6 16. Ngf3 Nh5 17. Bh2 Rac8 18. Bd3 Bc6 19. Re2 Nb6 20. Rd1 Kf8 21. Be4 Bd7 22. Nh4 Nf6 23. Bd3 a6 24. f4 Nfd5 25. Nhf3 Nf6 26. Ne4 Nxe4 27. Bxe4 Bc6 28. Rde1 Bxe4 29. Rxe4 Nc4 30. R4e2 d5 31. Ne5 Bxe5 32. fxe5 f5 33. Bf4 g5 34. Bc1 Kg7 35. Rf1 Kg6 36. Ref2 e6 37. g3 Rc7 38. g4 f4 39. h4 Rcc8 40. h5+ Kg7 41. Rf3 Nb6 42. Bxf4 gxf4 43. Rxf4 Re7 44. Rf6 Rg8 45. Kh2 Kh7 46. Kh3 Nc4 0-1

[Event "Budapest FS09 FM-B"]
[Site "Budapest"]
[Date "2014.09.09"]
[Round "4"]
[White "Di Giovanni, Vilmos"]
[Black "Szlenka, Attila"]
[Result "1-0"]
[WhiteElo "1786"]
[BlackElo "1764"]
[PlyCount "53"]
[EventDate "2014.09.06"]
[EventType "tourn"]
[EventRounds "11"]
[EventCountry "HUN"]
[SourceTitle "CBM 162 Extra"]
[Source "ChessBase"]
[SourceDate "2014.10.17"]
[SourceVersion "1"]
[SourceVersionDate "2014.10.17"]
[SourceQuality "1"]

1. d4 Nf6 2. Nf3 g6 3. Bf4 Bg7 4. e3 d6 5. h3 0-0 6. Be2 c5 7. c3 Qa5 8. Nbd2 Bd7 9. 0-0 Na6 10. Nb3 Qb6 11. Bxa6 bxa6 12. dxc5 dxc5 13. Qc1 Be6 14. Nbd2 Nd5 15. Bg3 h6 16. e4 Nf6 17. Re1 Rfd8 18. Qc2 Rd7 19. b3 Nh5 20. Be5 f6 21. Bh2 Rad8 22. g4 Rd3 23. Re3 c4 24. Rae1 Rxe3 25. Rxe3 Qc5 26. Nd4 Bc8 27. b4 1-0

[Event "Budapest FS09 FM-B"]
[Site "Budapest"]
[Date "2014.09.07"]
[Round "2"]
[White "Di Giovanni, Vilmos"]
[Black "Alkire, Brian James"]
[Result "1-0"]
[WhiteElo "1786"]
[BlackElo "1459"]
[PlyCount "57"]
[EventDate "2014.09.06"]
[EventType "tourn"]
[EventRounds "11"]
[EventCountry "HUN"]
[SourceTitle "CBM 162 Extra"]
[Source "ChessBase"]
[SourceDate "2014.10.17"]
[SourceVersion "1"]
[SourceVersionDate "2014.10.17"]
[SourceQuality "1"]

1. d4 Nf6 2. Nf3 d5 3. Bf4 e6 4. e3 c5 5. Nbd2 Nc6 6. c3 Nh5 7. Bg5 Be7 8. Bxe7 Qxe7 9. Ne5 Nf6 10. f4 Ne4 11. Nxe4 dxe4 12. Bb5 Bd7 13. Nxd7 Qxd7 14. dxc5 Qc7 15. Qd4 f5 16. Bxc6+ Qxc6 17. 0-0-0 0-0 18. Qd6 Qe8 19. Qe5 Qe7 20. Rd6 Rfe8 21. Rhd1 Qf6 22. Qxf6 gxf6 23. Rd7 e5 24. g3 Reb8 25. R1d6 b5 26. c6 Rb6 27. Rd8+ Rxd8 28. Rxd8+ Kg7 29. c7 1-0

[Event "Budapest op 4th"]
[Site "Budapest"]
[Date "2014.08.24"]
[Round "9"]
[White "Kalmar, Karoly"]
[Black "Di Giovanni, Vilmos"]
[Result "0-1"]
[WhiteElo "1942"]
[BlackElo "1784"]
[PlyCount "40"]
[EventDate "2014.08.16"]
[EventType "swiss"]
[EventRounds "9"]
[EventCountry "HUN"]
[SourceTitle "CBM 161 Extra"]
[Source "ChessBase"]
[SourceDate "2014.08.29"]
[SourceVersion "1"]
[SourceVersionDate "2014.08.29"]
[SourceQuality "1"]

1. e4 d5 2. Nc3 d4 3. Nce2 e5 4. d3 c5 5. g3 Nc6 6. Bg2 Nf6 7. h3 Be6 8. Nf3 h6 9. 0-0 Qd7 10. Kh2 Be7 11. Nxe5 Nxe5 12. f4 Bxh3 13. Bxh3 Neg4+ 14. Kg2 h5 15. Ng1 0-0-0 16. Nf3 Kb8 17. Ne5 Qe6 18. f5 Qxe5 19. Bf4 Qxf4 20. Qe2 Qg5 0-1

[Event "Budapest op 4th"]
[Site "Budapest"]
[Date "2014.08.17"]
[Round "2"]
[White "Karacsonyi, Kata"]
[Black "Di Giovanni, Vilmos"]
[Result "1-0"]
[WhiteElo "1377"]
[BlackElo "1784"]
[PlyCount "81"]
[EventDate "2014.08.16"]
[EventType "swiss"]
[EventRounds "9"]
[EventCountry "HUN"]
[SourceTitle "CBM 161 Extra"]
[Source "ChessBase"]
[SourceDate "2014.08.29"]
[SourceVersion "1"]
[SourceVersionDate "2014.08.29"]
[SourceQuality "1"]

1. e4 d5 2. exd5 Nf6 3. d4 Bg4 4. Nf3 Qxd5 5. Nc3 Qd8 6. Be2 e6 7. 0-0 Be7 8. Bg5 Nbd7 9. Qd2 h6 10. Bf4 a6 11. Rad1 c6 12. Rfe1 Nb6 13. Ne5 Bxe2 14. Qxe2 Qc8 15. Ne4 Nbd5 16. Bg3 Nxe4 17. Qxe4 Bb4 18. c3 Bxc3 19. bxc3 Nxc3 20. Qg4 0-0 21. Rd3 Nxa2 22. Bf4 f5 23. Qg3 Rf6 24. Nc4 Qf8 25. Nb6 Qb4 26. Ra1 Qxb6 27. Rb3 Qd8 28. Rxa2 Qxd4 29. Rd3 Qe4 30. Ra1 e5 31. Bd2 f4 32. Qh3 Raf8 33. Re1 Qg6 34. Bb4 f3 35. Rdd1 Re8 36. Bc3 Rf5 37. Rd7 fxg2 38. Rxb7 Ref8 39. Re2 Rxf2 40. Rxf2 Rd8 41. Qf3 1-0

[Event "Budapest FS06 FM-A"]
[Site "Budapest"]
[Date "2014.06.15"]
[Round "9"]
[White "Steer, Jozsef"]
[Black "Di Giovanni, Vilmos"]
[Result "1-0"]
[WhiteElo "1893"]
[BlackElo "1795"]
[PlyCount "79"]
[EventDate "2014.06.07"]
[EventType "tourn"]
[EventRounds "11"]
[EventCountry "HUN"]
[SourceTitle "CBM 160 Extra"]
[Source "ChessBase"]
[SourceDate "2014.07.01"]
[SourceVersion "1"]
[SourceVersionDate "2014.07.01"]
[SourceQuality "1"]

1. e4 d5 2. exd5 Nf6 3. Be2 Nxd5 4. Bf3 c6 5. b3 Bf5 6. Bb2 e6 7. Ne2 Nd7 8. a3 N7f6 9. c4 Nb6 10. d4 Qc7 11. Ng3 Bg6 12. 0-0 Rd8 13. Re1 Be7 14. Nc3 0-0 15. Qe2 Qf4 16. Nce4 Nxe4 17. Nxe4 Qc7 18. Rad1 Rd7 19. Nc5 Rdd8 20. g3 Nd7 21. Nd3 Bf6 22. Nf4 Bf5 23. Nh5 Bg6 24. h4 Bxh5 25. Bxh5 g6 26. Bf3 Rfe8 27. Rd2 Nf8 28. Red1 b6 29. Bg2 a5 30. Qf3 Bg7 31. Qxc6 Re7 32. Qxc7 Rxc7 33. d5 exd5 34. Bxg7 Kxg7 35. Rxd5 Rxd5 36. cxd5 Rd7 37. Rc1 f5 38. Rc6 Rb7 39. d6 Ne6 40. Bd5 1-0

[Event "Budapest FS06 FM-A"]
[Site "Budapest"]
[Date "2014.06.09"]
[Round "3"]
[White "Di Giovanni, Vilmos"]
[Black "Gruz, Janos"]
[Result "1-0"]
[WhiteElo "1795"]
[BlackElo "1761"]
[PlyCount "43"]
[EventDate "2014.06.07"]
[EventType "tourn"]
[EventRounds "11"]
[EventCountry "HUN"]
[SourceTitle "CBM 160 Extra"]
[Source "ChessBase"]
[SourceDate "2014.07.01"]
[SourceVersion "1"]
[SourceVersionDate "2014.07.01"]
[SourceQuality "1"]

1. d4 d5 2. Nf3 e6 3. Bf4 Bd6 4. Bg3 Nf6 5. e3 Qe7 6. Bd3 0-0 7. Nbd2 Nbd7 8. Ne5 c5 9. c3 g6 10. f4 Nh5 11. Qg4 Bxe5 12. fxe5 f5 13. Qh3 cxd4 14. exd4 Nb6 15. Be2 Ng7 16. Nf3 g5 17. Qh6 g4 18. Ng5 Ne8 19. h3 Qg7 20. hxg4 f4 21. Bf2 Nc4 22. 0-0-0 1-0

[Event "Budapest FS02 FM-B"]
[Site "Budapest"]
[Date "2014.02.10"]
[Round "10"]
[White "Kovacs, Gabor Etele"]
[Black "Di Giovanni, Vilmos"]
[Result "0-1"]
[WhiteElo "1636"]
[BlackElo "1790"]
[PlyCount "70"]
[EventDate "2014.02.01"]
[EventType "tourn"]
[EventRounds "11"]
[EventCountry "HUN"]
[SourceTitle "CBM 158 Extra"]
[Source "ChessBase"]
[SourceDate "2014.02.28"]
[SourceVersion "1"]
[SourceVersionDate "2014.02.28"]
[SourceQuality "1"]

1. e4 d5 2. exd5 Nf6 3. d4 Nxd5 4. c4 Nb6 5. Nf3 g6 6. Nc3 Bg7 7. Be3 0-0 8. Be2 Nc6 9. h3 e5 10. dxe5 Nxe5 11. Nxe5 Bxe5 12. Qd2 Be6 13. c5 Nd5 14. Nxd5 Qxd5 15. Bf3 Qxd2+ 16. Bxd2 Bxb2 17. Rb1 Be5 18. a3 Rab8 19. Rxb7 Rxb7 20. Bxb7 Rb8 21. Bf3 Rb1+ 22. Bd1 Bc4 23. f4 Bd4 24. Bb4 Be3 25. h4 Bxf4 26. Kf2 Bb3 27. Ke2 Bg3 28. Ba5 c6 29. Bxb3 Rxh1 30. Ba4 Rxh4 31. Bxc6 Rc4 32. Bb4 Bc7 33. Kd3 Rc1 34. Bc3 h5 35. Kc4 Be5 0-1

[Event "Budapest FS12 FM-B"]
[Site "Budapest"]
[Date "2013.12.15"]
[Round "8"]
[White "Di Giovanni, Vilmos"]
[Black "Bacsi, Andras"]
[Result "1/2-1/2"]
[WhiteElo "1810"]
[BlackElo "1831"]
[PlyCount "82"]
[EventDate "2013.12.07"]
[EventType "tourn"]
[EventRounds "9"]
[EventCountry "HUN"]
[SourceTitle "CBM 158 Extra"]
[Source "ChessBase"]
[SourceDate "2014.02.28"]
[SourceVersion "1"]
[SourceVersionDate "2014.02.28"]
[SourceQuality "1"]

1. d4 d5 2. Nf3 Nf6 3. Bf4 g6 4. e3 Bg7 5. Be2 0-0 6. Nbd2 c5 7. c3 Nc6 8. 0-0 b6 9. Ne5 Nxe5 10. Bxe5 Bb7 11. h4 Nd7 12. Bxg7 Kxg7 13. h5 e5 14. hxg6 hxg6 15. dxe5 Nxe5 16. Nf3 Qe7 17. Nxe5 Qxe5 18. Bf3 Rh8 19. g3 Rad8 20. Qa4 a5 21. Rfd1 Qe7 22. Qf4 g5 23. Qf5 Bc8 24. Qc2 Qe5 25. Qb3 Be6 26. Qxb6 g4 27. Bg2 Rb8 28. Qxc5 Rxb2 29. Qd4 Qxd4 30. Rxd4 f5 31. Bxd5 Kf6 32. Bxe6 Kxe6 33. a4 Rc8 34. Rad1 Rxc3 35. Rd6+ Ke7 36. R6d5 Ke6 37. Rxa5 Rcc2 38. Rf1 Ra2 39. Ra8 Ke5 40. Re8+ Kf6 41. Ra8 Ke5 1/2-1/2

[Event "HUN-chT2 Breyer 1213"]
[Site "Hungary"]
[Date "2013.04.07"]
[Round "10.7"]
[White "Adam, Gyorgy"]
[Black "Di Giovanni, Vilmos"]
[Result "1-0"]
[WhiteElo "2047"]
[BlackElo "1825"]
[PlyCount "93"]
[EventDate "2012.09.16"]
[EventType "team-tourn"]
[EventRounds "11"]
[EventCountry "HUN"]
[SourceTitle "EXT 2014"]
[Source "ChessBase"]
[SourceDate "2013.11.20"]
[SourceVersion "1"]
[SourceVersionDate "2013.11.20"]
[SourceQuality "1"]
[WhiteTeam "Torokbalint"]
[BlackTeam "MAV Elore"]
[WhiteTeamCountry "HUN"]
[BlackTeamCountry "HUN"]

1. e4 b6 2. c4 Bb7 3. Nc3 Nf6 4. e5 Ne4 5. Nxe4 Bxe4 6. d4 e6 7. Nf3 Bb4+ 8. Bd2 Bxf3 9. Qxf3 Bxd2+ 10. Kxd2 Nc6 11. Qe3 f5 12. Rd1 Qe7 13. Be2 0-0 14. f4 Rad8 15. Bf3 Qb4+ 16. Qc3 Qa4 17. a3 Na5 18. b4 Nc6 19. Rb1 b5 20. Be2 bxc4 21. Bxc4 a6 22. Qd3 Nb8 23. Rhc1 c6 24. Rc3 Rf7 25. Qc2 Qxc2+ 26. Rxc2 Kf8 27. Bb3 h6 28. Ke3 g5 29. g3 Rg7 30. Kf3 Ke7 31. fxg5 Rxg5 32. Rf2 Rdg8 33. Ke3 Rg4 34. Bc2 d6 35. exd6+ Kxd6 36. Bd3 R8g7 37. Rc1 Ra7 38. Rc5 Rgg7 39. Rf4 Nd7 40. Ra5 Nb6 41. Rh4 Nd5+ 42. Kf3 Rg6 43. Bxa6 e5 44. dxe5+ Kxe5 45. Bd3 Rxa5 46. bxa5 Nf6 47. Ra4 1-0

[Event "HUN-chT2 Breyer 1213"]
[Site "Hungary"]
[Date "2013.03.03"]
[Round "8.7"]
[White "Mervo, Jozsef"]
[Black "Di Giovanni, Vilmos"]
[Result "1-0"]
[WhiteElo "2038"]
[BlackElo "1825"]
[PlyCount "58"]
[EventDate "2012.09.16"]
[EventType "team-tourn"]
[EventRounds "11"]
[EventCountry "HUN"]
[SourceTitle "EXT 2014"]
[Source "ChessBase"]
[SourceDate "2013.11.20"]
[SourceVersion "1"]
[SourceVersionDate "2013.11.20"]
[SourceQuality "1"]
[WhiteTeam "Biatorbagy"]
[BlackTeam "MAV Elore"]
[WhiteTeamCountry "HUN"]
[BlackTeamCountry "HUN"]

1. d4 e6 2. c4 b6 3. e4 Bb7 4. Nc3 Bb4 5. Bd3 f5 6. Qc2 Nf6 7. f3 fxe4 8. fxe4 Bxc3+ 9. bxc3 Nxe4 10. Nf3 d5 11. Ba3 Nd7 12. 0-0 c5 13. Nd2 Qg5 14. Bxe4 dxe4 15. Rae1 Rf8 16. Rxf8+ Kxf8 17. Nxe4 Qg6 18. Qe2 Bxe4 19. Qxe4 Qxe4 20. Rxe4 Kf7 21. Kf1 e5 22. dxc5 bxc5 23. Re2 Ke6 24. Rd2 Rf8+ 25. Ke2 Rf4 26. Kd3 g6 27. Rb2 Nb6 28. Bxc5 Nxc4 29. Rb7 a5 1-0